| 000 | 00747nam a22002057a 4500 | ||
|---|---|---|---|
| 003 | JO-AjAnu | ||
| 005 | 20240709104704.0 | ||
| 008 | 240708b jo ||||| |||| 00| 0 ara d | ||
| 040 |
_aJO-AjAnu _beng _cJO-AjAnu _erda |
||
| 041 |
_aeng _heng |
||
| 050 |
_aQA37.2 _b2024 |
||
| 100 | 1 |
_aDarabkeh, Ahmad Mousa _eprepared _966094 |
|
| 245 | 0 |
_aOn The Locations of The Zeros of Polynomials / _cPreparation Ahmad Mousa Darabkeh - Supervisor Mohammad Al-Hawari |
|
| 260 | _c2024 | ||
| 300 | _a56 paper | ||
| 500 | _aUniversity thesis (Master’s thesis in mathematics), Ajloun National University (Ajloun, Jordan), College of Science, 2024 | ||
| 650 | 7 | 0 |
_aPolynomials _966095 |
| 700 | 1 |
_aAl-hawari mohammad _966046 _eSupervisor |
|
| 942 |
_2lcc _cTHS _n0 |
||
| 999 |
_c33597 _d33597 |
||